{"text_format":"3","workbook":"xlsx","n_sheets":1,"sheets":["t441"],"read":"whole","date_system":"1900"}

{"sheet":"t441","index":0,"n_rows":206,"n_cols":7,"rows_kept":206,"merged":[[0,0,0,6],[30,0,30,5],[47,0,47,5],[152,0,152,5]]}
["TABELA 441.1 - Estatísticas Agrícolas, Município de Pompéia, Estado de São Paulo, 2007/08."]
["ITEM","UNIDADE","N.DE UPAs","MÍNIMO","MÉDIO","MÁXIMO","TOTAL"]
["Distância à sede do município","km",423,{"v":1,"d":"1.0"},{"v":14.61,"d":"14.6"},{"v":130,"d":"130.0"},"-"]
["Área total","hectare",423,{"v":1,"d":"1.0"},{"v":174.86,"d":"174.9"},{"v":5187.1,"d":"5,187.1"},{"v":73963.8,"d":"73,963.8"}]
["Área com cultura perene","hectare",46,0.3,{"v":11.48,"d":"11.5"},184.8,528.1]
["Área com cultura temporária","hectare",219,0.2,{"v":56.48,"d":"56.5"},{"v":1495.6,"d":"1,495.6"},{"v":12369.4,"d":"12,369.4"}]
["Área com pastagem","hectare",404,0.8,{"v":129.47,"d":"129.5"},{"v":4444.9,"d":"4,444.9"},{"v":52304.5,"d":"52,304.5"}]
["Área com reflorestamento","hectare",78,0.1,{"v":3.74,"d":"3.7"},{"v":60,"d":"60.0"},291.5]
["Área com vegetação natural","hectare",200,0.2,{"v":20.97,"d":"21.0"},{"v":530,"d":"530.0"},{"v":4194.5,"d":"4,194.5"}]
["Área com vegetação de brejo e várzea","hectare",268,0.1,{"v":12.39,"d":"12.4"},294.9,{"v":3321.7,"d":"3,321.7"}]
["Área em descanso","hectare",6,0.5,{"v":2.05,"d":"2.1"},3.6,12.3]
["Área complementar","hectare",396,0.1,{"v":2.38,"d":"2.4"},{"v":46,"d":"46.0"},941.8]
["Área das UPAs com (0, 1] ha","hectare",1,{"v":1,"d":"1.0"},{"v":1,"d":"1.0"},{"v":1,"d":"1.0"},{"v":1,"d":"1.0"}]
["Área das UPAs com (1, 2] ha","hectare","-","-","-","-","-"]
["Área das UPAs com (2, 5] ha","hectare",7,3.6,{"v":4.41,"d":"4.4"},{"v":5,"d":"5.0"},30.9]
["Área das UPAs com (5, 10] ha","hectare",25,5.2,{"v":7.61,"d":"7.6"},{"v":10,"d":"10.0"},190.2]
["Área das UPAs com (10, 20] ha","hectare",51,10.8,{"v":15.15,"d":"15.2"},19.9,772.4]
["Área das UPAs com (20, 50] ha","hectare",111,20.6,{"v":33.89,"d":"33.9"},49.5,{"v":3762.1,"d":"3,762.1"}]
["Área das UPAs com (50, 100] ha","hectare",63,50.1,{"v":71.78,"d":"71.8"},96.9,{"v":4522.4,"d":"4,522.4"}]
["Área das UPAs com (100, 200] ha","hectare",78,100.1,{"v":139.23,"d":"139.2"},{"v":199,"d":"199.0"},{"v":10859.6,"d":"10,859.6"}]
["Área das UPAs com (200, 500] ha","hectare",52,200.8,{"v":314.81,"d":"314.8"},463.2,{"v":16370.1,"d":"16,370.1"}]
["Área das UPAs com (500, 1.000] ha","hectare",24,501.7,686.9,986.1,{"v":16485.7,"d":"16,485.7"}]
["Área das UPAs com (1.000, 2.000] ha","hectare",7,{"v":1004,"d":"1,004.0"},{"v":1191.4,"d":"1,191.4"},{"v":1670.7,"d":"1,670.7"},{"v":8339.8,"d":"8,339.8"}]
["Área das UPAs com (2.000, 5.000] ha","hectare",3,{"v":2110.3,"d":"2,110.3"},{"v":2480.83,"d":"2,480.8"},{"v":2732.4,"d":"2,732.4"},{"v":7442.5,"d":"7,442.5"}]
["Área das UPAs com (5.000, 10.000] ha","hectare",1,{"v":5187.1,"d":"5,187.1"},{"v":5187.1,"d":"5,187.1"},{"v":5187.1,"d":"5,187.1"},{"v":5187.1,"d":"5,187.1"}]
["Área das UPAs acima de 10.000 ha","hectare","-","-","-","-","-"]
["Familiares do proprietário que trabalham na UPA","unidade",374,{"v":1,"d":"1.0"},{"v":1.61,"d":"1.6"},{"v":6,"d":"6.0"},{"v":601,"d":"601.0"}]
["Trabalhadores permanentes","unidade",185,{"v":1,"d":"1.0"},{"v":2.42,"d":"2.4"},{"v":90,"d":"90.0"},{"v":448,"d":"448.0"}]
["Fonte: Secretaria de Agricultura e Abastecimento, CDRS/IEA, Projeto LUPA."]
[]
["TABELA 441.2 - Explorações Animais, Município de Pompéia, Estado de São Paulo, 2007/08."]
["ITEM","UNIDADE","N.DE UPAs","MÍNIMO","MÉDIO","MÁXIMO","TOTAL"]
["Asininos E Muares","cabeças",20,{"v":1,"d":"1.0"},5.5,{"v":34,"d":"34.0"},{"v":110,"d":"110.0"}]
["Avicultura para Ovos","cabeças",2,{"v":70000,"d":"70,000.0"},{"v":75901.5,"d":"75,901.5"},{"v":81803,"d":"81,803.0"},{"v":151803,"d":"151,803.0"}]
["Bovinocultura de Corte","cabeças",233,{"v":4,"d":"4.0"},{"v":232.49,"d":"232.5"},{"v":5118,"d":"5,118.0"},{"v":54171,"d":"54,171.0"}]
["Bovinocultura Leiteira","cabeças",38,{"v":2,"d":"2.0"},{"v":41.82,"d":"41.8"},{"v":200,"d":"200.0"},{"v":1589,"d":"1,589.0"}]
["Bovinocultura Mista","cabeças",164,{"v":3,"d":"3.0"},{"v":67.18,"d":"67.2"},{"v":600,"d":"600.0"},{"v":11017,"d":"11,017.0"}]
["Bubalinocultura","cabeças",21,{"v":15,"d":"15.0"},{"v":127.52,"d":"127.5"},{"v":350,"d":"350.0"},{"v":2678,"d":"2,678.0"}]
["Caprinocultura","cabeças",5,{"v":7,"d":"7.0"},{"v":24,"d":"24.0"},{"v":63,"d":"63.0"},{"v":120,"d":"120.0"}]
["Codornicultura","cabeças",1,{"v":40000,"d":"40,000.0"},{"v":40000,"d":"40,000.0"},{"v":40000,"d":"40,000.0"},{"v":40000,"d":"40,000.0"}]
["Equinocultura","cabeças",260,{"v":1,"d":"1.0"},{"v":5.33,"d":"5.3"},{"v":55,"d":"55.0"},{"v":1387,"d":"1,387.0"}]
["Outra Exploração Animal","cabeças",1,{"v":1,"d":"1.0"},{"v":1,"d":"1.0"},{"v":1,"d":"1.0"},{"v":1,"d":"1.0"}]
["Ovinocultura","cabeças",41,{"v":2,"d":"2.0"},{"v":36.05,"d":"36.1"},{"v":230,"d":"230.0"},{"v":1478,"d":"1,478.0"}]
["Piscicultura","m² tanques",2,{"v":600,"d":"600.0"},{"v":1550,"d":"1,550.0"},{"v":2500,"d":"2,500.0"},{"v":3100,"d":"3,100.0"}]
["Suinocultura","cabeças",44,{"v":1,"d":"1.0"},{"v":20.89,"d":"20.9"},{"v":171,"d":"171.0"},{"v":919,"d":"919.0"}]
["Fonte: Secretaria de Agricultura e Abastecimento, CDRS/IEA, Projeto LUPA."]
[]
["TABELA 441.3 -  Máquinas, Implementos e Benfeitorias, Município de Pompéia, Estado de São Paulo, 2007/08."]
["ITEM","UNIDADE","N.DE UPAs","MÍNIMO","MÉDIO","MÁXIMO","TOTAL"]
["Arado Comum (Bacia, Aiveca)","Unidade",134,{"v":1,"d":"1.0"},{"v":1.46,"d":"1.5"},{"v":7,"d":"7.0"},{"v":195,"d":"195.0"}]
["Arado Escarificador","Unidade",33,{"v":1,"d":"1.0"},{"v":2.03,"d":"2.0"},{"v":12,"d":"12.0"},{"v":67,"d":"67.0"}]
["Arado Subsolador","Unidade",21,{"v":1,"d":"1.0"},{"v":1.62,"d":"1.6"},{"v":5,"d":"5.0"},{"v":34,"d":"34.0"}]
["Batedeira de Cereais","Unidade",7,{"v":1,"d":"1.0"},{"v":1.57,"d":"1.6"},{"v":2,"d":"2.0"},{"v":11,"d":"11.0"}]
["Câmara Fria","Unidade",2,{"v":1,"d":"1.0"},1.5,{"v":2,"d":"2.0"},{"v":3,"d":"3.0"}]
["Carregadeira de Cana","Unidade",4,{"v":1,"d":"1.0"},{"v":1,"d":"1.0"},{"v":1,"d":"1.0"},{"v":4,"d":"4.0"}]
["Colhedeira Acoplada","Unidade",25,{"v":1,"d":"1.0"},1.6,{"v":6,"d":"6.0"},{"v":40,"d":"40.0"}]
["Colhedeira Automotriz","Unidade",4,{"v":1,"d":"1.0"},{"v":1,"d":"1.0"},{"v":1,"d":"1.0"},{"v":4,"d":"4.0"}]
["Computador","Unidade",2,{"v":1,"d":"1.0"},{"v":1,"d":"1.0"},{"v":1,"d":"1.0"},{"v":2,"d":"2.0"}]
["Conj.Irrigação Convencional","Unidade",11,{"v":1,"d":"1.0"},{"v":1.09,"d":"1.1"},{"v":2,"d":"2.0"},{"v":12,"d":"12.0"}]
["Conj.Irrigação/Gotejamento/Microaspersão","Unidade",2,{"v":1,"d":"1.0"},{"v":1,"d":"1.0"},{"v":1,"d":"1.0"},{"v":2,"d":"2.0"}]
["Conjunto de Fenação","Unidade",3,{"v":1,"d":"1.0"},{"v":1,"d":"1.0"},{"v":1,"d":"1.0"},{"v":3,"d":"3.0"}]
["Desintegrador, Picador, Triturador","Unidade",149,{"v":1,"d":"1.0"},{"v":1.13,"d":"1.1"},{"v":3,"d":"3.0"},{"v":168,"d":"168.0"}]
["Distribuidor de Calcário","Unidade",54,{"v":1,"d":"1.0"},{"v":1.13,"d":"1.1"},{"v":4,"d":"4.0"},{"v":61,"d":"61.0"}]
["Ensiladeira","Unidade",12,{"v":1,"d":"1.0"},{"v":1.08,"d":"1.1"},{"v":2,"d":"2.0"},{"v":13,"d":"13.0"}]
["Grade Aradora (Tipo Romi)","Unidade",36,{"v":1,"d":"1.0"},{"v":1.17,"d":"1.2"},{"v":4,"d":"4.0"},{"v":42,"d":"42.0"}]
["Grade Niveladora","Unidade",88,{"v":1,"d":"1.0"},1.2,{"v":4,"d":"4.0"},{"v":106,"d":"106.0"}]
["Implementos para Tração Animal","Unidade",11,{"v":1,"d":"1.0"},{"v":1.91,"d":"1.9"},{"v":3,"d":"3.0"},{"v":21,"d":"21.0"}]
["Microtrator","Unidade",1,{"v":2,"d":"2.0"},{"v":2,"d":"2.0"},{"v":2,"d":"2.0"},{"v":2,"d":"2.0"}]
["Misturador de Ração","Unidade",18,{"v":1,"d":"1.0"},{"v":1.06,"d":"1.1"},{"v":2,"d":"2.0"},{"v":19,"d":"19.0"}]
["Ordenhadeira Mecânica","Unidade",20,{"v":1,"d":"1.0"},1.1,{"v":3,"d":"3.0"},{"v":22,"d":"22.0"}]
["Pulverizador Tratorizado","Unidade",72,{"v":1,"d":"1.0"},{"v":1.31,"d":"1.3"},{"v":5,"d":"5.0"},{"v":94,"d":"94.0"}]
["Resfriador de Leite, Tanque Expansão","Unidade",23,{"v":1,"d":"1.0"},{"v":1.09,"d":"1.1"},{"v":3,"d":"3.0"},{"v":25,"d":"25.0"}]
["Semeadeira/Adubadeira para Plantio Convencional","Unidade",64,{"v":1,"d":"1.0"},{"v":1.14,"d":"1.1"},{"v":6,"d":"6.0"},{"v":73,"d":"73.0"}]
["Semeadeira/Plantadeira Plantio Direto","Unidade",13,{"v":1,"d":"1.0"},{"v":1.15,"d":"1.2"},{"v":3,"d":"3.0"},{"v":15,"d":"15.0"}]
["Terraceador","Unidade",6,{"v":1,"d":"1.0"},{"v":1,"d":"1.0"},{"v":1,"d":"1.0"},{"v":6,"d":"6.0"}]
["Trator de Esteiras","Unidade",3,{"v":1,"d":"1.0"},{"v":1.67,"d":"1.7"},{"v":2,"d":"2.0"},{"v":5,"d":"5.0"}]
["Trator de Pneus","Unidade",186,{"v":1,"d":"1.0"},{"v":1.54,"d":"1.5"},{"v":10,"d":"10.0"},{"v":287,"d":"287.0"}]
["Açude/Represa","Unidade",156,{"v":1,"d":"1.0"},{"v":2.49,"d":"2.5"},{"v":9,"d":"9.0"},{"v":388,"d":"388.0"}]
["Alambique","Unidade",1,{"v":1,"d":"1.0"},{"v":1,"d":"1.0"},{"v":1,"d":"1.0"},{"v":1,"d":"1.0"}]
["Almoxarifado/Oficina","Unidade",40,{"v":1,"d":"1.0"},{"v":1.23,"d":"1.2"},{"v":5,"d":"5.0"},{"v":49,"d":"49.0"}]
["Armazém para Grãos Ensacados","Sacas",11,{"v":1,"d":"1.0"},{"v":682.82,"d":"682.8"},{"v":3000,"d":"3,000.0"},{"v":7511,"d":"7,511.0"}]
["Balança para Bovinos","Unidade",6,{"v":1,"d":"1.0"},{"v":1.17,"d":"1.2"},{"v":2,"d":"2.0"},{"v":7,"d":"7.0"}]
["Barracão para Bicho da Seda/Sirgaria","Unidade",1,{"v":1,"d":"1.0"},{"v":1,"d":"1.0"},{"v":1,"d":"1.0"},{"v":1,"d":"1.0"}]
["Barracão para Granja/Avicultura","Unidade",4,{"v":1,"d":"1.0"},{"v":11,"d":"11.0"},{"v":26,"d":"26.0"},{"v":44,"d":"44.0"}]
["Barracão/Galpão/Garagem","Unidade",187,{"v":1,"d":"1.0"},{"v":1.22,"d":"1.2"},{"v":5,"d":"5.0"},{"v":228,"d":"228.0"}]
["Casa de Moradia Habitada","Unidade",271,{"v":1,"d":"1.0"},{"v":1.66,"d":"1.7"},{"v":15,"d":"15.0"},{"v":451,"d":"451.0"}]
["Casa de Moradia Total","Unidade",337,{"v":1,"d":"1.0"},2.2,{"v":16,"d":"16.0"},{"v":740,"d":"740.0"}]
["Curral/Mangueira","Unidade",311,{"v":1,"d":"1.0"},{"v":1.05,"d":"1.1"},{"v":3,"d":"3.0"},{"v":327,"d":"327.0"}]
["Depósito/Tulha","Unidade",241,{"v":1,"d":"1.0"},{"v":1.18,"d":"1.2"},{"v":5,"d":"5.0"},{"v":285,"d":"285.0"}]
["Estábulo","Unidade",22,{"v":1,"d":"1.0"},{"v":1,"d":"1.0"},{"v":1,"d":"1.0"},{"v":22,"d":"22.0"}]
["Estufa/Plasticultura","m²",3,{"v":1,"d":"1.0"},{"v":1333.67,"d":"1,333.7"},{"v":3000,"d":"3,000.0"},{"v":4001,"d":"4,001.0"}]
["Fábrica de Ração","Unidade",4,{"v":1,"d":"1.0"},{"v":1,"d":"1.0"},{"v":1,"d":"1.0"},{"v":4,"d":"4.0"}]
["Instalações para Equinos","Unidade",7,{"v":1,"d":"1.0"},{"v":1.43,"d":"1.4"},{"v":3,"d":"3.0"},{"v":10,"d":"10.0"}]
["Máquina de Benefício","Unidade",3,{"v":1,"d":"1.0"},{"v":1,"d":"1.0"},{"v":1,"d":"1.0"},{"v":3,"d":"3.0"}]
["Pocilga","Unidade",37,{"v":1,"d":"1.0"},{"v":1.03,"d":"1.0"},{"v":2,"d":"2.0"},{"v":38,"d":"38.0"}]
["Poço Semi-Artesiano","Unidade",112,{"v":1,"d":"1.0"},1.1,{"v":4,"d":"4.0"},{"v":123,"d":"123.0"}]
["Posto Meteorológico","Unidade",4,{"v":1,"d":"1.0"},{"v":1,"d":"1.0"},{"v":1,"d":"1.0"},{"v":4,"d":"4.0"}]
["Secador de Grãos","Unidade",3,{"v":1,"d":"1.0"},{"v":1.33,"d":"1.3"},{"v":2,"d":"2.0"},{"v":4,"d":"4.0"}]
["Silo para Grãos","t",2,{"v":1,"d":"1.0"},25.5,{"v":50,"d":"50.0"},{"v":51,"d":"51.0"}]
["Silo para Silagem","t",4,{"v":4,"d":"4.0"},138.5,{"v":250,"d":"250.0"},{"v":554,"d":"554.0"}]
["Terreiro","m²",32,{"v":1,"d":"1.0"},{"v":424.53,"d":"424.5"},{"v":5000,"d":"5,000.0"},{"v":13585,"d":"13,585.0"}]
["Fonte: Secretaria de Agricultura e Abastecimento, CDRS/IEA, Projeto LUPA."]
[]
["TABELA 441.4 - Outras Estatísticas Agrícolas, Município de Pompéia, Estado de São Paulo, 2007/08."]
["ITEM","Número de UPAs",null,"Percentual"]
["Faz Parte de Associação de Produtores",17,null,{"v":4.0189125295508275,"d":"4.0"}]
["Faz Parte de Cooperativa de Produtores",179,null,{"v":42.31678486997636,"d":"42.3"}]
["Faz Parte do Sindicato de Produtores",126,null,{"v":29.787234042553195,"d":"29.8"}]
["Não utiliza assistência técnica ",185,null,{"v":43.73522458628842,"d":"43.7"}]
["Utiliza somente assistência técnica governamental ",110,null,{"v":26.004728132387708,"d":"26.0"}]
["Utiliza somente assistência técnica privada ",60,null,{"v":14.184397163120567,"d":"14.2"}]
["Utiliza assistência técnica tanto governamental quanto privada",68,null,{"v":16.07565011820331,"d":"16.1"}]
["Utiliza Crédito Rural",43,null,{"v":10.16548463356974,"d":"10.2"}]
["Utiliza Seguro Rural",4,null,{"v":0.9456264775413712,"d":"0.9"}]
["Utiliza Escrituração Agrícola",212,null,{"v":50.11820330969267,"d":"50.1"}]
["Acessa Internet p/ Fins na Agropecuária",39,null,{"v":9.219858156028367,"d":"9.2"}]
["Utiliza Computador nas Atividades Agropecuárias",36,null,{"v":8.51063829787234,"d":"8.5"}]
["Utiliza Energia Elétrica Para Uso na Atividade Agrícola",318,null,{"v":75.177304964539,"d":"75.2"}]
["Realiza Análise de Solo, quando necessário",85,null,{"v":20.094562647754138,"d":"20.1"}]
["Utiliza Práticas de Conservação de Solo, quando necessário",201,null,{"v":47.5177304964539,"d":"47.5"}]
["Faz Adubação Mineral, quando necessário",180,null,{"v":42.5531914893617,"d":"42.6"}]
["Faz Adubação Orgânica, quando necessário",82,null,{"v":19.38534278959811,"d":"19.4"}]
["Faz Adubação Verde, quando necessário",5,null,{"v":1.1820330969267139,"d":"1.2"}]
["Utiliza Manejo Integrado de Pragas (MIP)","-",null,"-"]
["Utiliza Hidroponia","-",null,"-"]
["Utiliza Plasticultura",2,null,{"v":0.4728132387706856,"d":"0.5"}]
["Utiliza Mudas Fiscalizadas",5,null,{"v":1.1820330969267139,"d":"1.2"}]
["Utiliza Semente Melhorada",122,null,{"v":28.84160756501182,"d":"28.8"}]
["Faz Confinamento de Bovinos",2,null,{"v":0.4728132387706856,"d":"0.5"}]
["Utiliza Pastejo Intensivo",17,null,{"v":4.0189125295508275,"d":"4.0"}]
["Faz Inseminação Artificial",10,null,{"v":2.3640661938534278,"d":"2.4"}]
["Faz Mineralização do Rebanho",375,null,{"v":88.65248226950355,"d":"88.7"}]
["Faz Vermifugação do Rebanho",379,null,{"v":89.59810874704492,"d":"89.6"}]
["Possui Parceiros /Arrendatários na Exploração Animal",30,null,{"v":7.092198581560284,"d":"7.1"}]
["Esporte e lazer","-",null,"-"]
["Extração mineral","-",null,"-"]
["Hotel Fazenda, Pousada ou SPA","-",null,"-"]
["Pesque-pague",1,null,{"v":0.2364066193853428,"d":"0.2"}]
["Restaurante ou Lanchonete","-",null,"-"]
["Transformação artesanal","-",null,"-"]
["Turismo rural ou ecoturismo","-",null,"-"]
["Outras atividades econômicas rurais",2,null,{"v":0.4728132387706856,"d":"0.5"}]
["Agroindústria",1,null,{"v":0.2364066193853428,"d":"0.2"}]
["Proprietário sem instrução ou com instrução incompleta",33,null,{"v":7.801418439716312,"d":"7.8"}]
["Proprietário com antigo primário completo",160,null,{"v":37.825059101654844,"d":"37.8"}]
["Proprietário com 1° grau (ou antigo ginasial) completo",52,null,{"v":12.293144208037825,"d":"12.3"}]
["Proprietário com 2° grau (ou antigo colegial) completo",64,null,{"v":15.130023640661939,"d":"15.1"}]
["Proprietário com curso superior completo ",113,null,{"v":26.713947990543737,"d":"26.7"}]
["Pessoa Jurídica",1,null,{"v":0.2364066193853428,"d":"0.2"}]
["Proprietário residente na própria UPA ",101,null,{"v":23.87706855791962,"d":"23.9"}]
["Fonte: Secretaria de Agricultura e Abastecimento, CDRS/IEA, Projeto LUPA."]
[]
["TABELA 441.5 - Área Cultivada, Município de Pompéia, Estado de São Paulo, 2007/08."]
["CULTURA","N.DE UPAs","MÍNIMO","MÉDIO","MÁXIMO","TOTAL"]
["Braquiaria",404,0.8,127.7,{"v":4444.9,"d":"4,444.9"},{"v":51590.5,"d":"51,590.5"}]
["Cana-de-acucar",164,0.1,{"v":49.77,"d":"49.8"},{"v":1320,"d":"1,320.0"},{"v":8161.9,"d":"8,161.9"}]
["Amendoim",38,4.8,{"v":60.39,"d":"60.4"},425.9,{"v":2295,"d":"2,295.0"}]
["Milho",51,0.5,{"v":16.35,"d":"16.4"},{"v":121,"d":"121.0"},833.7]
["Soja",1,{"v":605,"d":"605.0"},{"v":605,"d":"605.0"},{"v":605,"d":"605.0"},{"v":605,"d":"605.0"}]
["Gramas",19,1.2,{"v":19.96,"d":"20.0"},84.8,379.2]
["Eucalipto",77,0.1,{"v":3.33,"d":"3.3"},{"v":30,"d":"30.0"},256.6]
["Crotalaria",2,{"v":1,"d":"1.0"},121.5,{"v":242,"d":"242.0"},{"v":243,"d":"243.0"}]
["Coloniao",10,0.7,20.9,94.2,{"v":209,"d":"209.0"}]
["Laranja",2,{"v":10,"d":"10.0"},97.4,184.8,194.8]
["Seringueira",14,0.3,{"v":10.69,"d":"10.7"},{"v":42,"d":"42.0"},149.7]
["Cafe",19,0.3,{"v":7.83,"d":"7.8"},{"v":75,"d":"75.0"},148.7]
["Melancia",6,4.8,{"v":21.73,"d":"21.7"},{"v":58,"d":"58.0"},130.4]
["Mucuna",1,{"v":70,"d":"70.0"},{"v":70,"d":"70.0"},{"v":70,"d":"70.0"},{"v":70,"d":"70.0"}]
["Sorgo-forrageiro",6,2.4,{"v":8.03,"d":"8.0"},16.9,48.2]
["Capim-napier (ou capim-elefante)",18,0.2,{"v":2.57,"d":"2.6"},9.6,46.2]
["Sorgo",4,4.8,{"v":11.45,"d":"11.5"},24.2,45.8]
["Mandioca",5,0.1,{"v":8.12,"d":"8.1"},{"v":36,"d":"36.0"},40.6]
["Feijao",5,0.6,{"v":7.84,"d":"7.8"},{"v":29,"d":"29.0"},39.2]
["Outras florestais",2,4.8,17.4,{"v":30,"d":"30.0"},34.8]
["Outras gramineas para pastagem",1,31.4,31.4,31.4,31.4]
["Abobora (ou jerimum)",3,0.1,{"v":4.17,"d":"4.2"},12.1,12.5]
["Tomate rasteiro",1,12.1,12.1,12.1,12.1]
["Coco-da-baia",7,0.1,{"v":1.07,"d":"1.1"},3.6,7.5]
["Macadamia (ou noz-macadamia)",1,{"v":6,"d":"6.0"},{"v":6,"d":"6.0"},{"v":6,"d":"6.0"},{"v":6,"d":"6.0"}]
["Amora (ou amora-branca)",1,4.8,4.8,4.8,4.8]
["Caqui",3,0.5,{"v":1.37,"d":"1.4"},2.4,4.1]
["Bucha",1,{"v":4,"d":"4.0"},{"v":4,"d":"4.0"},{"v":4,"d":"4.0"},{"v":4,"d":"4.0"}]
["Tangerina",1,3.5,3.5,3.5,3.5]
["Alface",5,0.1,0.5,1.2,2.5]
["Outras olericolas",2,{"v":1,"d":"1.0"},{"v":1.25,"d":"1.3"},1.5,2.5]
["Cacau",1,2.4,2.4,2.4,2.4]
["Manga",3,0.2,0.8,1.1,2.4]
["Palmito",2,0.3,{"v":1.15,"d":"1.2"},{"v":2,"d":"2.0"},2.3]
["Feijao-de-lima",1,{"v":2,"d":"2.0"},{"v":2,"d":"2.0"},{"v":2,"d":"2.0"},{"v":2,"d":"2.0"}]
["Arroz",1,1.8,1.8,1.8,1.8]
["Banana",4,0.3,{"v":0.43,"d":"0.4"},0.6,1.7]
["Uva fina",1,{"v":1,"d":"1.0"},{"v":1,"d":"1.0"},{"v":1,"d":"1.0"},{"v":1,"d":"1.0"}]
["Bambu",1,{"v":1,"d":"1.0"},{"v":1,"d":"1.0"},{"v":1,"d":"1.0"},{"v":1,"d":"1.0"}]
["Outras culturas temporárias",1,0.5,0.5,0.5,0.5]
["Abacate",1,0.5,0.5,0.5,0.5]
["Couve (ou couve-crespa)",2,0.1,0.1,0.1,0.2]
["Pimentao",1,0.2,0.2,0.2,0.2]
["Batata-doce",2,0.1,0.1,0.1,0.2]
["Beterraba",1,0.1,0.1,0.1,0.1]
["Cebolinha",1,0.1,0.1,0.1,0.1]
["Pepino",1,0.1,0.1,0.1,0.1]
["Floricultura para vaso",1,0.1,0.1,0.1,0.1]
["Pinus",1,0.1,0.1,0.1,0.1]
["Maxixe (ou pepino-das-antilhas)",1,0.1,0.1,0.1,0.1]
["Maracuja",1,0.1,0.1,0.1,0.1]
["Fonte: Secretaria de Agricultura e Abastecimento, CDRS/IEA, Projeto LUPA."]